[Event "Quebec-ch U14"]
[Site "Montreal"]
[Date "2014.01.19"]
[Round "5"]
[White "Yang, Eddie"]
[Black "Wang, Kelly"]
[Result "1-0"]
[WhiteElo "1510"]
[BlackElo "1700"]
[PlyCount "117"]
[EventDate "2014.01.17"]
[EventType "swiss"]
[EventRounds "5"]
[EventCountry "CAN"]
[SourceTitle "EXT 2022"]
[Source "ChessBase"]
[SourceDate "2021.10.06"]
[SourceVersion "1"]
[SourceVersionDate "2021.10.06"]
[SourceQuality "1"]

1. d4 d5 2. c4 e6 3. Nc3 Nf6 4. Bg5 Be7 5. e3 Nbd7 6. Nf3 a6 7. cxd5 exd5 8. Bd3 0-0 9. 0-0 Re8 10. Qc2 Nf8 11. h3 c6 12. Rab1 a5 13. a3 Be6 14. Na4 N6d7 15. Bxe7 Qxe7 16. Nc5 Nxc5 17. Qxc5 Qxc5 18. dxc5 a4 19. Rfc1 f6 20. Nd4 Bf7 21. Rc3 Bg6 22. Bxg6 Nxg6 23. Nf5 Ne5 24. Nd6 Reb8 25. b4 g6 26. f4 Nf7 27. Nxf7 Kxf7 28. Kf2 f5 29. g4 Re8 30. Rd1 Rad8 31. Rd4 Re4 32. Rcd3 h6 33. Rxe4 fxe4 34. Rd4 Rb8 35. Rd1 Ke6 36. Ke2 b6 37. Rc1 g5 38. f5+ Ke5 39. cxb6 Rxb6 40. Rc5 h5 41. Kd2 hxg4 42. hxg4 Kd6 43. Rc1 Rb5 44. Ke2 Kd7 45. Kd2 Kd6 46. Rf1 c5 47. f6 Rb8 48. f7 Rf8 49. bxc5+ Kxc5 50. Kc3 Kd6 51. Kd4 Ke6 52. Rf5 Rc8 53. f8N+ Ke7 54. Ng6+ Ke6 55. Rxd5 Kf6 56. Rd6+ Kf7 57. Ne5+ Ke7 58. Kd5 Rb8 59. Re6+ 1-0

[Event "Quebec-ch U14"]
[Site "Montreal"]
[Date "2014.01.18"]
[Round "2"]
[White "Saine, Zachary"]
[Black "Yang, Eddie"]
[Result "0-1"]
[WhiteElo "1592"]
[BlackElo "1510"]
[PlyCount "80"]
[EventDate "2014.01.17"]
[EventType "swiss"]
[EventRounds "5"]
[EventCountry "CAN"]
[SourceTitle "EXT 2022"]
[Source "ChessBase"]
[SourceDate "2021.10.06"]
[SourceVersion "1"]
[SourceVersionDate "2021.10.06"]
[SourceQuality "1"]

1. e4 c5 2. Nf3 Nc6 3. d4 cxd4 4. Nxd4 e5 5. Nb5 a6 6. Nd6+ Bxd6 7. Qxd6 Qf6 8. Qxf6 Nxf6 9. Nc3 Nb4 10. Bd3 Nxd3+ 11. cxd3 d6 12. Bg5 Be6 13. Rc1 h6 14. Bxf6 gxf6 15. f4 f5 16. 0-0 exf4 17. exf5 Bxf5 18. Rxf4 Be6 19. Rd4 Kd7 20. Ne4 Rac8 21. Rc3 Rxc3 22. bxc3 d5 23. c4 Kc6 24. cxd5+ Bxd5 25. Nc3 Be6 26. Kf2 b5 27. a3 Kc5 28. Ke3 f5 29. Rb4 Rc8 30. Rh4 Rh8 31. Rh5 b4 32. Ne4+ Kb6 33. Ng5 bxa3 34. Rh4 a2 35. Nxe6 a1Q 36. Rb4+ Ka7 37. Nd4 Re8+ 38. Kf4 Qf1+ 39. Kg3 Rg8+ 40. Kh4 Qf4+ 0-1

[Event "Quebec-ch U14"]
[Site "Montreal"]
[Date "2014.01.17"]
[Round "1"]
[White "Yang, Eddie"]
[Black "Nazarov, Stephanie"]
[Result "1-0"]
[WhiteElo "1510"]
[BlackElo "933"]
[PlyCount "49"]
[EventDate "2014.01.17"]
[EventType "swiss"]
[EventRounds "5"]
[EventCountry "CAN"]
[SourceTitle "EXT 2022"]
[Source "ChessBase"]
[SourceDate "2021.10.06"]
[SourceVersion "1"]
[SourceVersionDate "2021.10.06"]
[SourceQuality "1"]

1. d4 d5 2. c4 e6 3. Nc3 Nf6 4. Bg5 Bb4 5. Qc2 Nc6 6. e3 h6 7. Bh4 0-0 8. Nf3 Re8 9. Bd3 dxc4 10. Bxc4 e5 11. dxe5 Nxe5 12. Nxe5 Rxe5 13. 0-0 Bxc3 14. Qxc3 Re4 15. Rfd1 Qe7 16. Bxf6 gxf6 17. Qc2 Bf5 18. Bd3 Kh8 19. Bxe4 Bxe4 20. Qd2 Rg8 21. g3 Qe6 22. Qd7 Qb6 23. Qxc7 Qxb2 24. Qf4 h5 25. Qh6+ 1-0

[Event "Quebec-ch U12"]
[Site "Montreal"]
[Date "2012.11.25"]
[Round "5"]
[White "Yang, Eddie"]
[Black "Saha, Ananda"]
[Result "0-1"]
[WhiteElo "1414"]
[BlackElo "1560"]
[PlyCount "56"]
[EventDate "2012.11.23"]
[EventType "swiss"]
[EventRounds "5"]
[EventCountry "CAN"]
[SourceTitle "EXT 2022"]
[Source "ChessBase"]
[SourceDate "2021.10.06"]
[SourceVersion "1"]
[SourceVersionDate "2021.10.06"]
[SourceQuality "1"]

1. d4 d5 2. c4 e6 3. Nc3 Nf6 4. Nf3 Be7 5. e3 Nbd7 6. Bd3 dxc4 7. Bxc4 b6 8. 0-0 Bb7 9. b3 0-0 10. Bb2 a6 11. Bd3 c5 12. a4 cxd4 13. Nxd4 Nc5 14. f4 Nd5 15. Qe2 Nxd3 16. Qxd3 Nxc3 17. Qxc3 Bf6 18. Rad1 Rc8 19. Qd3 e5 20. fxe5 Bxe5 21. Qf5 Rc5 22. Qf2 Bxd4 23. exd4 Rg5 24. g3 Qd5 25. Qd2 Qh1+ 26. Kf2 Qxh2+ 27. Ke3 Rxg3+ 28. Rf3 Rxf3# 0-1

[Event "Quebec-ch B U20 Pepsico"]
[Site "Montreal"]
[Date "2012.02.11"]
[Round "2"]
[White "Yang, Eddie"]
[Black "Ouellet, Maili Jade"]
[Result "1-0"]
[WhiteElo "1353"]
[BlackElo "1197"]
[PlyCount "121"]
[EventDate "2012.02.10"]
[EventType "swiss"]
[EventRounds "5"]
[EventCountry "CAN"]
[SourceTitle "EXT 2022"]
[Source "ChessBase"]
[SourceDate "2021.10.06"]
[SourceVersion "1"]
[SourceVersionDate "2021.10.06"]
[SourceQuality "1"]

1. d4 d5 2. c4 e6 3. Nc3 Nf6 4. Bg5 Be7 5. e3 h6 6. Bh4 0-0 7. Nf3 b6 8. cxd5 exd5 9. Bd3 Bb7 10. 0-0 Nbd7 11. Rc1 Rc8 12. Bg3 c5 13. Bf5 Re8 14. Nb5 Ba6 15. Qa4 Bxb5 16. Qxb5 Bf8 17. Ne5 a6 18. Qa4 b5 19. Qxa6 Ra8 20. Qxb5 Rb8 21. Qe2 Nxe5 22. Bxe5 Ra8 23. a3 cxd4 24. Bxd4 Rb8 25. Rfd1 Be7 26. Be5 Ra8 27. Bc7 g6 28. Bxd8 Raxd8 29. Bg4 Bf8 30. Rc7 d4 31. Qc4 Be7 32. Bf3 Rd6 33. g3 Rd7 34. Rxd7 Nxd7 35. Rxd4 Ne5 36. Qe2 Bf6 37. Rd5 Nxf3+ 38. Qxf3 Bxb2 39. Rd7 Rf8 40. Qd5 Bxa3 41. Rd8 Rxd8 42. Qxd8+ Kg7 43. Kg2 Bb2 44. Kf3 Bf6 45. Qd7 Be5 46. Ke4 Bc3 47. f4 Ba1 48. Kd5 Bb2 49. e4 Bc3 50. f5 Bb2 51. fxg6 Kxg6 52. Qf5+ Kg7 53. e5 f6 54. Qxf6+ Kh7 55. Qf7+ Kh8 56. e6 Ba3 57. e7 Bxe7 58. Qxe7 h5 59. Ke6 h4 60. Kf6 hxg3 61. Qg7# 1-0

[Event "North American-ch U10"]
[Site "Montreal"]
[Date "2010.08.18"]
[Round "6"]
[White "Yang, Eddie"]
[Black "Wang, Eric"]
[Result "1-0"]
[WhiteElo "1054"]
[BlackElo "933"]
[PlyCount "107"]
[EventDate "2010.08.16"]
[EventType "swiss"]
[EventRounds "7"]
[EventCountry "CAN"]
[SourceTitle "EXT 2013"]
[Source "ChessBase"]
[SourceDate "2012.11.22"]
[SourceVersion "1"]
[SourceVersionDate "2012.11.22"]
[SourceQuality "1"]

1. d4 d6 2. e4 Nf6 3. Nc3 g6 4. b3 Bg7 5. Bb2 Nbd7 6. Nf3 e5 7. dxe5 dxe5 8. Be2 c6 9. Qd6 Bf8 10. Qd2 Qc7 11. 0-0 Nc5 12. Bd3 Bd7 13. Ne2 Bd6 14. Qh6 Rg8 15. Ng3 0-0-0 16. Qd2 Ne6 17. Bc3 Bc5 18. a4 Nd4 19. Bxd4 Bxd4 20. c3 Bc5 21. b4 Be7 22. c4 Be6 23. Qc3 Rd7 24. b5 Bd6 25. c5 Bxc5 26. Qxc5 Rxd3 27. Nxe5 Nd7 28. Nxd7 Rxd7 29. Qxa7 Qb8 30. Qc5 f5 31. bxc6 Rc7 32. cxb7+ Qxb7 33. Qd6 Bc4 34. Rfc1 fxe4 35. Rxc4 Rxc4 36. Qe6+ Kb8 37. Qxg8+ Rc8 38. Qa2 Qd7 39. Qb3+ Ka8 40. h3 Rb8 41. Qc3 Rc8 42. Qa5+ Qa7 43. Qxa7+ Kxa7 44. Nxe4 Kb6 45. a5+ Ka6 46. Kh2 Rc4 47. Nf6 Rf4 48. Nxh7 Rxf2 49. Ng5 Rf5 50. Ne4 Rxa5 51. Rxa5+ Kxa5 52. Nd6 Kb6 53. Nf7 Kc6 54. Ne5+ 1-0

[Event "North American-ch U10"]
[Site "Montreal"]
[Date "2010.08.16"]
[Round "1"]
[White "Yang, Eddie"]
[Black "Yip, William"]
[Result "1-0"]
[WhiteElo "1054"]
[BlackElo "1286"]
[PlyCount "89"]
[EventDate "2010.08.16"]
[EventType "swiss"]
[EventRounds "7"]
[EventCountry "CAN"]
[SourceTitle "EXT 2013"]
[Source "ChessBase"]
[SourceDate "2012.11.22"]
[SourceVersion "1"]
[SourceVersionDate "2012.11.22"]
[SourceQuality "1"]

1. d4 d5 2. c4 e6 3. a3 Nf6 4. Nf3 c5 5. e3 Nc6 6. Nc3 cxd4 7. exd4 Be7 8. Bd3 dxc4 9. Bxc4 0-0 10. 0-0 Qb6 11. b4 Rd8 12. Be3 Ng4 13. Na4 Qc7 14. Rc1 a6 15. Nc5 b6 16. Nb3 f5 17. Qd2 Bd6 18. h3 Nxe3 19. fxe3 f4 20. e4 Qa7 21. Ng5 Qe7 22. Nf3 Bb7 23. d5 Ne5 24. Nbd4 Nxc4 25. Rxc4 exd5 26. Nf5 Qe6 27. N3d4 Qf6 28. exd5 Bxd5 29. Rc3 Be4 30. Nxd6 Rxd6 31. Qa2+ Bd5 32. Qd2 Bf7 33. Rd3 Bc4 34. Rxf4 Qe5 35. Re3 Qxf4 36. Re8+ Rxe8 37. Qxf4 Rf6 38. Qc7 Bf7 39. Qg3 Rg6 40. Qd3 Rd8 41. Qe3 Bd5 42. g4 h5 43. Nf5 Re6 44. Qg5 Rde8 45. Qxg7# 1-0